Lapins de fictions en images - Statistiques

Statistiques générales
  • Ce quiz a été pris 274 fois
    213 depuis la dernière actualisation
  • Le résultat moyen est 2 sur 20
Statistiques - réponses
Par images Réponse % Correct
E. Aster Bunnymund
48%
Sapereau
44%
Bonnie
32%
Haru
16%
Serge
16%
Babs
9%
Fluff
9%
Basile
8%
Cuddles
8%
Sol
8%
Toninjinka
7%
Monomi
6%
Pompon
6%
Alix
5%
Bunnicula
5%
Peppy Hare
5%
Bianca
3%
King Kazma
2%
Ethnobalt
1%
Harold
1%
Aucun quiz correspondant
Distribution des résultats
% des personnes avec chaque résultat
Percentile par nombre de réponses
Votre historique - résultats
Vous n’avez pas pris ce quiz depuis la dernière actualisation